AN ASSESSMENT OF THE FACTORS INFLUENCING ADOPTION OF SOCIAL MEDIA ADVERTISING ON GROWTH OF SMALL AND MEDIUM ENTERPRISES IN KISII COUNTY, KENYA. (Record no. 216194)

MARC details
000 -LEADER
fixed length control field 00508nam a22001457a 4500
008 - FIXED-LENGTH DATA ELEMENTS--GENERAL INFORMATION
fixed length control field 251117b |||||||| |||| 00| 0 eng d
050 ## - LIBRARY OF CONGRESS CALL NUMBER
Classification number THE HF 5548.32 .O53 2016
Item number C. 1
100 ## - MAIN ENTRY--PERSONAL NAME
Personal name ONDUSO, MARY NYATUKA
245 ## - TITLE STATEMENT
Title AN ASSESSMENT OF THE FACTORS INFLUENCING ADOPTION OF SOCIAL MEDIA ADVERTISING ON GROWTH OF SMALL AND MEDIUM ENTERPRISES IN KISII COUNTY, KENYA.
260 ## - PUBLICATION, DISTRIBUTION, ETC.
Place of publication, distribution, etc. KISII
Name of publisher, distributor, etc. KSU
Date of publication, distribution, etc. 2016
300 ## - PHYSICAL DESCRIPTION
Extent XII, 58P.,ILL.
500 ## - GENERAL NOTE
General note INCLUDES REFERENCES
942 ## - ADDED ENTRY ELEMENTS (KOHA)
Source of classification or shelving scheme Library of Congress Classification
Koha item type Reference
Holdings
Withdrawn status Lost status Source of classification or shelving scheme Damaged status Not for loan Collection Home library Current library Shelving location Date acquired Inventory number Total checkouts Full call number Barcode Date last seen Copy number Price effective from Koha item type
    Library of Congress Classification   Not for loan Special Research Kisii University Library Kisii University Library On Display 11/17/2025 84741   THE HF 5548.32 .O53 2016 000000020259 11/17/2025 C.1 11/17/2025 Reference